Marketing / Charles W. Lamf, Joseph F- Hair y Carl Mc Daniel (Registro nro. 11697)
[ vista simple ]
| 000 -LEADER | |
|---|---|
| fixed length control field | 00595nam a22002171a 4500 |
| 001 - CONTROL NUMBER | |
| control field | 11697 |
| 003 - CONTROL NUMBER IDENTIFIER | |
| control field | OSt |
| 005 - DATE AND TIME OF LATEST TRANSACTION | |
| control field | 20260204212252.0 |
| 008 - FIXED-LENGTH DATA ELEMENTS--GENERAL INFORMATION | |
| fixed length control field | 130507s2008||||mx ||||||b||||||||||spa|| |
| 020 ## - NUMERO DE LIBRO INTERNACIONAL NORMALIZADO | |
| International Standard Book Number | 9789706865472 |
| 050 ## - LIBRARY OF CONGRESS CALL NUMBER | |
| Classification number | 658.8 L165m |
| 100 ## - ASIENTO PRINCIPAL -- NOMBRE PERSONAL | |
| Personal name | Lamf, Charles W |
| 245 ## - TÍTULO PROPIAMENTE DICHO: SUBTÍTULO | |
| Title | Marketing / Charles W. Lamf, Joseph F- Hair y Carl Mc Daniel |
| 250 ## - MENCIÓN DE EDICIÓN | |
| Edition statement | 8a ed |
| 264 ## - PRODUCTION, PUBLICATION, DISTRIBUTION, MANUFACTURE, AND COPYRIGHT NOTICE | |
| Place of production, publication, distribution, manufacture | México: Cengage Learning |
| 300 ## - PHYSICAL DESCRIPTION | |
| Extensión | 746 p |
| 500 ## - GENERAL NOTE | |
| General note | Incluye indice y glosario |
| 650 ## - ASIENTO SECUNDARIO DE MATERIA -- TERMINO TEMÁTICO | |
| Termino Temático Como Elemento de Entrada | ADMINISTRACION DE MERCADOTECNIA |
| 700 ## - ASIENTO SECUNDARIO -- NOMBRE PERSONAL | |
| Personal name | Mc Daniel, Carl II.Hair Joseph III-TitÌ |
| 942 ## - ADDED ENTRY ELEMENTS (KOHA) | |
| Source of classification or shelving scheme | Dewey Decimal Classification |
| Koha item type | Libros |
| Withdrawn status | Lost status | Source of classification or shelving scheme | Damaged status | Not for loan | Current library | Date acquired | Total Checkouts | Full call number | Barcode | Date last seen | Price effective from | Koha item type |
|---|---|---|---|---|---|---|---|---|---|---|---|---|
| Dewey Decimal Classification | Biblioteca UTECO | 09/09/2019 | 658.8 L165M | 016746 | 09/09/2019 | 09/09/2019 | Libros |
